000 00411nam a22001337a 4500
008 250630b |||||||| |||| 00| 0 eng d
020 _a 9780830817849
050 _aBS1505.55
_b.D53
100 _aJ. Gordon McConville
245 _aDictionary of the Old Testament
_b prophets
260 _aIllinois
_bIntervarsity press
_c2012
650 _aBible. O.T. Prophets-Dictionaries.
_vProphets-Dictionaries.
942 _cBK
999 _c3997
_d3997